000 00761nam a2200241 i 4500
005 20240102161347.0
008 240102s2022 my g 000 f may d
020 _a9789670040011
_cRM35.00
_qpaperback
040 _aPPAK
_beng
_cPPAK
_erda
082 0 4 _223
_a899.2333
090 0 0 _a899.2333
_bNIS
_dG
100 0 _aNisah Haron,
_d1973-
_eauthor.
245 1 0 _aLentera Mustika /
_cNISAH HARON
264 1 _aPetaling Jaya, Selangor :
_bBiblio Lit,
_c2022
300 _a453 pages, 4 unnumbered pages ;
_c20 cm
336 _atext
_2rdacontent
337 _aunmediated
_2rdamedia
338 _avolume
_2rdacarrier
504 _aBibliography: page [455]
650 1 0 _aMalay fiction
650 2 4 _aMalaysian fiction (Malay)
942 _2ddc
_cB
999 _c194332
_d194332